Design methods for reactive systems : Yourdan, Statemate, and the UML
Αποθηκεύτηκε σε:
| Κύριος συγγραφέας: | |
|---|---|
| Μορφή: | Βιβλίο |
| Γλώσσα: | English |
| Δημοσίευση: |
San Francisco, CA :
Morgan Kaufmann,
c2003.
|
| Θέματα: | |
| Ετικέτες: |
Προσθήκη ετικέτας
Δεν υπάρχουν, Καταχωρήστε ετικέτα πρώτοι!
|
MARC
| LEADER | 00000cam a2200000 i 4500 | ||
|---|---|---|---|
| 001 | 1/73567 | ||
| 008 | 080206s2003 cau| ||| |||| ||eng|| | ||
| 020 | |a 1558607552 | ||
| 035 | |l 10094416 | ||
| 040 | |a GR-MyUa |b gre |e AACR2 | ||
| 041 | 0 | |a eng | |
| 082 | 7 | |a 005.1 |2 (22) | |
| 100 | 1 | |a Wieringa, Roel. | |
| 245 | 1 | 0 | |a Design methods for reactive systems : |b Yourdan, Statemate, and the UML / |c R.J. Wieringa. |
| 260 | |a San Francisco, CA : |b Morgan Kaufmann, |c c2003. | ||
| 300 | |a xxv, 457 σ. : |b εικ. ; |c 24 εκ. | ||
| 504 | |a Βιβλιογραφία: σ. [432]-439. Ευρετήριο. | ||
| 650 | 0 | |a Computer software |x Development. | |
| 650 | 0 | |a System design. | |
| 852 | |a INST |b SYROS |e 20080206 |h 005.1 WIE |p 005500006585 |q 005500006585 |t BK |y 0 | ||
| 901 | |a BIBL5-2008-1 | ||
| 922 | |a 5ΕΛΗ |b 200709 |c Βιβλιοθήκη Σύρου |d Glorybook | ||
| 970 | |a Καγιαβά |b Ειρήνη |z 06/02/2008 | ||